000
00294nam a2200121Ia 4500
008
190216s9999||||xx |||||||||||||| ||und||
100
_a
Manojkumar Sharma
245
0
_a
Hindi-Paryavarna Adhyayan Sikshana
260
_b
Tharuna Prakashan
_c
2011
300
_a
284
650
_a
Hindi
942
_c
BK
999
_c
16806
_d
16806